Cerchi dell'Inferno (Divina Commedia - Dante Alighieri) - Statistics

Statistiche generali
  • Questo quiz è stato fatto 91 volte
  • Il punteggio medio è 15 su 26
Statistiche sulle risposte
Posizione nell'Inferno
Nome % Corretto
Secondo cerchio Lussuriosi
96%
Terzo cerchio Golosi
90%
Quarto cerchio Avari e Prodighi
81%
Nono cerchio Traditori
81%
Quinto cerchio Iracondi e accidiosi
75%
Terzo girone Bestemmiatori, Usurai e Sodomiti
69%
Primo cerchio Limbo - Non battezzati
67%
Sesto cerchio Eretici ed epicurei
65%
Secondo girone Suicidi e Scialacquatori
65%
Settimo cerchio Violenti
65%
Settima bolgia Ladri
63%
Primo girone Omicidi, Predoni e Tiranni
61%
Quarta zona Giudecca - Traditori dei benefattori
57%
Ottavo cerchio Fraudolenti verso chi non si fida
56%
Seconda zona Antenora - Traditori della patria e del partito
53%
Prima zona Caina - Traditori dei parenti
53%
Terza zona Tolomea - Traditori degli ospiti
47%
Ottava bolgia Consiglieri fraudolenti
40%
Decima bolgia Falsari
40%
Quarta bolgia Maghi e Indovini
40%
Terza bolgia Simoniaci
40%
Seconda bolgia Adulatori e Lusingatori
38%
Quinta bolgia Barattieri
38%
Sesta bolgia Ipocriti
38%
Prima bolgia Ruffiani e Seduttori
36%
Nona bolgia Seminatori di discordia
35%
Nessun quiz corrispondente trovato
Distribuzione punteggi
Percentuale di utenti per punteggio
Percentile per numero di risposta
I tuoi punteggi nel tempo
Non hai fatto questo quiz